|
|
|
|
| LEADER |
02152nam a2200325 a 4500 |
| 001 |
0020229 |
| 003 |
BD-DhAAL |
| 008 |
010516s1997 maua b 001 0 eng d |
| 010 |
|
|
|a 96028791
|
| 020 |
|
|
|a 0961408871
|
| 020 |
|
|
|a 9780961408879
|
| 040 |
|
|
|a DLC
|c DLC
|d YDX
|d BAKER
|d NLGGC
|d YDXCP
|d BD-DhAAL
|
| 082 |
0 |
0 |
|a 621.3848
|2 21
|
| 100 |
1 |
|
|a Strang, Gilbert.
|
| 245 |
1 |
0 |
|a Wavelets and filter banks /
|c Gilbert Strang, Truong Nguyen.
|
| 260 |
|
|
|a Wellesley, MA :
|b Wellesley-Cambridge Press,
|c c1997.
|
| 300 |
|
|
|a xxi, 520 p. :
|b ill. ;
|c 26 cm
|
| 504 |
|
|
|a Includes bibliographical references and index.
|
| 526 |
|
|
|a EEE
|x Md Sayeed Salam
Department of Electrical and Electronic Engineering
BRAC University
Course Name : Wavelets and Applications (EEE 533)
|
| 541 |
1 |
|
|e 0020229, 0020428
|a Trim Education
|
| 650 |
|
0 |
|a Electric filters
|x Mathematics.
|9 58939
|
| 650 |
|
0 |
|a Signal processing
|x Mathematics.
|
| 650 |
|
0 |
|a Wavelets (Mathematics)
|9 58940
|
| 700 |
1 |
|
|a Nguyen, T.
|9 58941
|
| 852 |
4 |
|
|a Ayesha Abed Library
|c General Stacks
|
| 942 |
|
|
|2 ddc
|c BK
|
| 999 |
|
|
|c 8589
|d 8589
|
| 952 |
|
|
|0 0
|1 0
|2 ddc
|4 0
|6 621_384800000000000_STR_1997
|7 0
|9 10227
|a BRACUL
|b BRACUL
|c GEN
|d 2010-05-16
|e Trim Education
|g 7600.00
|l 0
|o 621.3848 STR
|p 3010020229
|r 2010-05-16
|t 1
|v 15200.00
|w 2010-05-16
|y BK
|x Requisitioned by Md Sayeed Salam (Department of Electrical and Electronic Engineering, BRAC University) for the course named- "Wavelets and Applications (EEE 533)"
|
| 952 |
|
|
|0 0
|1 0
|2 ddc
|4 0
|6 621_384800000000000_STR_1997
|7 0
|9 10863
|a BRACUL
|b BRACUL
|c GEN
|d 2010-06-10
|e Trim Education
|g 7600.00
|l 0
|o 621.3848 STR
|p 3010020428
|r 2010-06-10
|t 2
|v 15200.00
|w 2010-06-10
|y BK
|x Requisitioned by Md Sayeed Salam (Department of Electrical and Electronic Engineering, BRAC University) for the course named- "Wavelets and Applications (EEE 533)"
|
| 952 |
|
|
|0 0
|1 0
|2 ddc
|4 0
|6 621_384800000000000_STR_1996
|7 0
|9 10868
|a BRACUL
|b BRACUL
|c GEN
|d 2010-06-10
|e Trim Education
|g 7600.00
|l 0
|o 621.3848 STR
|p 3010020429
|r 2010-06-10
|t 3
|v 15200.00
|w 2010-06-10
|y BK
|x Requisitioned by Md Sayeed Salam (Department of Electrical and Electronic Engineering, BRAC University) for the course named- "Wavelets and Applications (EEE 533)"
|